| 000 | 00636cam a22002175a 4500 | ||
|---|---|---|---|
| 001 | 145728 | ||
| 005 | 20251105174818.0 | ||
| 008 | 990209s1999 maua b 001 0 eng | ||
| 020 | _a0395903513 | ||
| 020 | _a9780395903513 | ||
| 050 | 0 | 0 |
_aT11 _b.R575 1999 |
| 082 | 0 | 0 |
_a808/.0666 _221 |
| 100 | 1 | _aRiordan, Daniel G. | |
| 245 | 1 | 0 |
_aTechnical report writing today / _cDaniel G. Riordan, Steven E. Pauley. |
| 250 | _a7th ed. | ||
| 260 |
_aBoston : _bHoughton Mifflin, _cc1999. |
||
| 300 |
_axxix, 576 p. : _bill. (some col.) ; _c24 cm. |
||
| 650 | 0 | _aTechnical writing. | |
| 700 | 1 | _aPauley, Steven E. | |
| 942 |
_2lcc _cBK _e7th ed. _n0 |
||
| 999 |
_c8101 _d8101 |
||